004090000a220010900045001000018000002450076000183000061000947730029001559420008001849520090001929990017002821 aBraun, Willys10aGoing global : How LAM and this Magazine made waves across the Atlantic aVol. 73, Num 3 (Julio-Septiembre, 1993), Páginas 10-110 tLatin America Evangelist cANA 001040708HEMaFUSBCbFUSBCd2016-01-26l0o r2016-01-26 00:00:00w2016-01-26yANA c54734d54734